• 首页
  • 本馆介绍
  • 公告通知
  • 最新文献
  • 馆藏检索
  • 电子资源
  • 读者荐购
  • 参考咨询
  • CALIS
  • 我的图书馆
  • 登录
  • 详细信息显示
  • 放入我的书架
  • 预约/预借图书
  • 作者相关作品
  • 分类相关作品
  • 丛书相关作品
  • 出版社相关作品

书目信息

  • 表格格式
  • 工作单格式
  • 卡片格式
题名:
微生物实验指导
    
 
作者: 黄秀梨 主编
分册:  
出版信息: 北京   高等教育出版社  1999.06
页数: 127页
开本: 16开
丛书名:
单 册:
中图分类: O93-3
科图分类:
主题词: 数学 , 力学 , 物理学 , 化学
电子资源:
ISBN: 7-04-006956-3
 
 
 
 
 
000 00611nam0 2200229 45
001 0106300965
005 20010630092333.4
010    @a7-04-006956-3@d11.50元
100    @a20010630d1999 km y0chiy0120 ea
101 0  @achi
105    @a z 000yy
200 1  @a微生物实验指导@AWei Sheng Wu Shi Yan Zhi Dao@f黄秀梨主编@FHuang Xiu Li Zhu Bian
210    @a北京@c高等教育出版社@d1999.06
215    @a127页@d16开
606 0  @a数学
606 0  @a力学
606 0  @a物理学
606 0  @a化学
690    @aO93-3@v3
701  0 @a黄秀梨@4主编
801    @aCN@bPftUser@c20010630
905    @f5@b352093-097@dO93-3@eH464
    
    微生物实验指导/黄秀梨主编.-北京:高等教育出版社,1999.06
    127页;16开
    
    
    ISBN 7-04-006956-3:11.50元
    
●
相关链接 在E读中查询图书 在当当中查询图书 在豆瓣中查询图书


正题名:微生物实验指导     索取号:O93-3/H464         预约/预借

序号 登录号 条形码 馆藏地/架位号 状态 备注
1 352093   203520939   自科库401/401自科库 33排3列1层/ [索取号:O93-3/H464] 在馆    
2 352094   203520948   自科库401/401自科库 33排3列1层/ [索取号:O93-3/H464] 在馆    
3 352095   203520957   自科库401/401自科库 66排4列5层/ [索取号:O93-3/H464] 在馆    
4 352096   203520966   自科库401/401自科库 66排4列5层/ [索取号:O93-3/H464] 在馆    
5 352097   203520975   自科库401/401自科库 33排3列1层/ [索取号:O93-3/H464] 在馆    
河南城建学院图书馆 欢迎您!
大连网信软件有限公司© 版权所有